书目信息 |
| 题名: |
动物卫生防疫技术
|
|
| 作者: | 于凤芝 , 乔立东 , 李玉冰 编著 ;农业部农民科技教育培训中心 , 中央农业广播电视学校 组编 | |
| 分册: | ||
| 出版信息: | 北京 中国农业大学出版社 2006.08 |
|
| 页数: | 152页 | |
| 开本: | 21cm | |
| 丛书名: | 新型农民培训丛书 | |
| 单 册: | ||
| 中图分类: | S851.3 | |
| 科图分类: | ||
| 主题词: | 兽疫--shou yi--防疫 | |
| 电子资源: | ||
| ISBN: | 7-81117-043-4 | |
| 000 | 01333nam 2200301 450 | |
| 001 | 012007287915 | |
| 005 | 20070622161532.92 | |
| 010 | @a7-81117-043-4@dCNY8.50 | |
| 100 | @a20070417d2006 km y0chiy0120 ea | |
| 101 | 0 | @achi |
| 102 | @aCN@b110000 | |
| 105 | @ay a 000yy | |
| 200 | 1 | @a动物卫生防疫技术@Adong wu wei sheng fang yi ji shu@f李玉冰,于凤芝,乔立东编著@Fli yu bing,yu feng zhi,qiao li dong bian zhu@g农业部农民科技教育培训中心, 中央农业广播电视学校组编@Gnong ye bu nong min ke ji jiao yu pei xun zhong xin,zhong yang nong ye guang bo dian shi xue xiao zu bian |
| 210 | @a北京@c中国农业大学出版社@d2006.08 | |
| 215 | @a152页@d21cm | |
| 225 | 2 | @a新型农民培训丛书@Axin xing nong min pei xun cong shu |
| 320 | @a有书目。 | |
| 330 | @a本书内容包括动物防疫监督、动物疫病的预防和控制、动物疫病的扑灭、动物疫病的分类与管理、动物用药品分类及应用等。 | |
| 410 | 0 | @12001 @a新型农民培训丛书 |
| 606 | 0 | @a兽疫@Ashou yi@x防疫 |
| 690 | @aS851.3@v4 | |
| 701 | 0 | @a于凤芝@Ayu feng zhi@4编著 |
| 701 | 0 | @a乔立东@Aqiao li dong@4编著 |
| 701 | 0 | @a李玉冰@Ali yu bing@4编著 |
| 712 | 02 | @a农业部农民科技教育培训中心@Anong ye bu nong min ke ji jiao yu pei xun zhong xin@4组编 |
| 712 | 02 | @a中央农业广播电视学校@Azhong yang nong ye guang bo dian shi xue xiao@4组编 |
| 801 | 0 | @aCN@c20070622 |
| 905 | @dS851.3@eL320 | |
| 动物卫生防疫技术/李玉冰,于凤芝,乔立东编著/农业部农民科技教育培训中心, 中央农业广播电视学校组编.-北京:中国农业大学出版社,2006.08 |
| 152页;21cm.-(新型农民培训丛书) |
| ISBN 7-81117-043-4:CNY8.50 |
| 本书内容包括动物防疫监督、动物疫病的预防和控制、动物疫病的扑灭、动物疫病的分类与管理、动物用药品分类及应用等。 |
| ● |
| 相关链接 |
|
|
|
正题名:动物卫生防疫技术
索取号:S851.3/L320
 
预约/预借
| 序号 | 登录号 | 条形码 | 馆藏地/架位号 | 状态 | 备注 |
| 1 | 241495 | 202414958 | 自科库401/401自科库 2排1列4层/ [索取号:S851.3/L320] | 在馆 | |
| 2 | 241496 | 202414967 | 自科库401/401自科库 2排1列4层/ [索取号:S851.3/L320] | 在馆 | |
| 3 | 241497 | 202414976 | 自科库401/401自科库 2排1列4层/ [索取号:S851.3/L320] | 在馆 |